000 00398nam a2200169Ia 4500
008 230524s9999 xx 000 0 und d
020 _a8120321073
082 _a645.12
_bPOP
100 _aEgor P.Popov
245 0 _aEngineering Mechanics of Solids
250 _a2ND
260 _aSINGAPORE
_bPHI
_c2004
300 _a864
500 _aQuantity Number: 5
650 _aMechanics
942 _cBK
999 _c11972
_d11972